000 00979nam a2200277Ia 4500
003 OSt
005 20221005103612.0
006 a|||||r|||| 00| 0
007 ta
008 221004b |||||||| |||| 00| 0 hin d
020 _a9788180312922 (pbk)
_c95
024 _a1476
037 _b362, 01/12/2011, Independent Publishers Group
_cTextual
040 _aCRL
_cCRL
_bhin
041 _2hin
_ahin
082 _aO152,1M86,34, Q0
100 _aगुप्त, मैथिलीशरण, ले.
245 0 _aसाकेत
246 _aSāketa
260 _aझांसी
_bसाहित्य सदन भारत
_c2010
300 _a288पृ0
_ccm.
650 _a हिन्दी साहित्य
650 _aहिन्दी कविता
942 _hO152,1M86,34, Q0
_cTEXL
_2cc
999 _c1010400
_d1010400